000 00475nam a2200181Ia 4500
005 20250326125608.0
008 250326s9999 xx 000 0 und d
037 _aTextbook
040 _aFMSL
_beng
_cFMSL
041 _aeng
_2eng
084 _aX:8 N2
_qFMSL
100 _aColeman V
_9739357
245 0 _aStress management techniques
_cColeman V
260 _aBombay
_bBombay, IBH
_c1992
300 _a110p
942 _cTB
_hX:8 N2
999 _c1278731
_d1278731